000 00443nam a2200157Ia 4500
005 20250508155922.0
008 008 250505s9999 xx 000 0 eng d
037 _aBooks to be hide in OPAC
040 _aFEDL
_beng
_cFEDL
041 _aeng
_2eng
084 _a378.547, LAH/O
_qFEDL
245 0 _aAitchison college, annual report, 1915-1916
300 _aii,73p.
942 _cHB
_h378.547, LAH/O
999 _c1360089
_d1360089